Best Picture Nominees 1970s - Statistics

General Stats
  • This quiz has been taken 72 times
  • The average score is 22 of 50
Answer Stats
Year Film % Correct
1972 The Godfather
88%
1974 The Godfather Part II
85%
1973 The Sting
85%
1979 Kramer vs Kramer
83%
1975 One Flew Over the Cuckoo's Nest
81%
1978 The Deer Hunter
79%
1976 Rocky
75%
1971 The French Connection
75%
1977 Annie Hall
73%
1970 Patton
73%
Apocalypse Now
69%
Jaws
67%
Taxi Driver
65%
Star Wars
63%
Network
62%
The Exorcist
62%
Dog Day Afternoon
60%
Chinatown
52%
American Graffiti
46%
Cabaret
44%
Coming Home
44%
Love Story
44%
A Clockwork Orange
42%
All the President's Men
42%
The Towering Inferno
42%
MASH
38%
The Goodbye Girl
38%
Five Easy Pieces
33%
Airport
31%
Barry Lyndon
31%
The Conversation
31%
Deliverance
29%
Julia
29%
Nashville
29%
All That Jazz
27%
Heaven Can Wait
25%
Norma Rae
25%
The Last Picture Show
25%
Breaking Away
23%
Fiddler on the Roof
23%
Lenny
23%
Midnight Express
23%
Sounder
23%
The Turning Point
23%
A Touch of Class
17%
An Unmarried Woman
15%
The Emigrants
13%
Bound for Glory
12%
Cries and Whispers
10%
Nicholas and Alexandra
10%
No matching quizzes found
Score Distribution
Percent of People with Each Score
Percentile by Number Answered
Your Score History
You have not taken this quiz